[Event "Arab-ch U16"]
[Site "Baghdad"]
[Date "2022.03.15"]
[Round "7"]
[White "Kassar, Bashar"]
[Black "Boulaares, Akram"]
[Result "1-0"]
[WhiteElo "1379"]
[BlackElo "1693"]
[PlyCount "81"]
[EventDate "2022.03.10"]
[EventType "swiss"]
[EventRounds "9"]
[EventCountry "IRQ"]
[SourceTitle "EXT 2023"]
[Source "ChessBase"]
[SourceDate "2022.10.05"]
[SourceVersion "1"]
[SourceVersionDate "2022.10.05"]
[SourceQuality "1"]

1. d4 d5 2. c4 e6 3. Nf3 Nf6 4. Nc3 c6 5. Bg5 Be7 6. e3 0-0 7. cxd5 exd5 8. Bd3 Bg4 9. h3 Bh5 10. g4 Bg6 11. Bxg6 hxg6 12. Ne5 Ne4 13. Bxe7 Qxe7 14. Nxe4 dxe4 15. Qb3 Kh7 16. g5 f6 17. Ng4 Na6 18. a3 Qf7 19. Qd1 Rad8 20. h4 Rd5 21. h5 Rxg5 22. hxg6+ Kxg6 23. f4 Rf5 24. Nh6 gxh6 25. Qg4+ Rg5 26. fxg5 hxg5 27. Qh5+ Kf5 28. Qxf7 Rxf7 29. Ke2 Nc7 30. Raf1+ Kg6 31. Rh8 f5 32. Rg8+ Kf6 33. Rg1 Ne6 34. Rh1 f4 35. Kf2 Kf5 36. Rh6 f3 37. Kg3 Ng7 38. b4 g4 39. a4 Kg5 40. Rh4 Kg6 41. Rh2 1-0

[Event "Arab-ch U16"]
[Site "Baghdad"]
[Date "2022.03.12"]
[Round "3"]
[White "Boulaares, Akram"]
[Black "Khaled Waleed, Abdullah"]
[Result "0-1"]
[WhiteElo "1693"]
[BlackElo "1619"]
[PlyCount "78"]
[EventDate "2022.03.10"]
[EventType "swiss"]
[EventRounds "9"]
[EventCountry "IRQ"]
[SourceTitle "EXT 2023"]
[Source "ChessBase"]
[SourceDate "2022.10.05"]
[SourceVersion "1"]
[SourceVersionDate "2022.10.05"]
[SourceQuality "1"]

1. e4 c6 2. d4 d5 3. exd5 cxd5 4. Bd3 Nc6 5. c3 Nf6 6. Bf4 Bg4 7. Qb3 Qd7 8. Nd2 e6 9. Ngf3 Bd6 10. Ne5 Qc7 11. Nxg4 Bxf4 12. Nxf6+ gxf6 13. Nf3 f5 14. 0-0 0-0 15. Rae1 Kh8 16. Qc2 Rg8 17. Qe2 Rg6 18. Ne5 Nxe5 19. dxe5 f6 20. g3 fxe5 21. Kh1 e4 22. gxf4 exd3 23. Qe3 Qc4 24. Qe5+ Kg8 25. Rg1 Qc6 26. Rxg6+ hxg6 27. Kg1 Kf7 28. Re3 d2 29. Rd3 Rg8 30. Rxd2 g5 31. Rd4 gxf4+ 32. Kf1 Qb5+ 33. c4 Qxb2 34. cxd5 Qb5+ 35. Ke1 Rg1+ 36. Kd2 Qb2+ 37. Kd3 Rd1+ 38. Kc4 Rc1+ 39. Kd3 Qc3+ 0-1

[Event "Arab-ch U16"]
[Site "Baghdad"]
[Date "2022.03.11"]
[Round "2"]
[White "Hallal, Tarik"]
[Black "Boulaares, Akram"]
[Result "1-0"]
[WhiteElo "1991"]
[BlackElo "1693"]
[PlyCount "47"]
[EventDate "2022.03.10"]
[EventType "swiss"]
[EventRounds "9"]
[EventCountry "IRQ"]
[SourceTitle "EXT 2023"]
[Source "ChessBase"]
[SourceDate "2022.10.05"]
[SourceVersion "1"]
[SourceVersionDate "2022.10.05"]
[SourceQuality "1"]

1. e4 c6 2. d4 d5 3. e5 Bf5 4. Nc3 e6 5. g4 Bg6 6. Nge2 h6 7. h4 Be7 8. h5 Bh7 9. Be3 Nd7 10. Qd2 c5 11. f4 cxd4 12. Nxd4 Bb4 13. a3 Bxc3 14. Qxc3 a6 15. Qb4 Qc7 16. Rc1 Ne7 17. c4 Nc6 18. Nxc6 Qxc6 19. Bg2 a5 20. Qd2 Be4 21. cxd5 Qxc1+ 22. Qxc1 Bxg2 23. Rg1 Bxd5 24. Qc7 1-0

[Event "Sousse BICA op 1st"]
[Site "Sousse"]
[Date "2021.12.27"]
[Round "6"]
[White "Boulaares, Akram"]
[Black "Bourkhis, Adnane"]
[Result "1/2-1/2"]
[WhiteElo "1627"]
[BlackElo "1917"]
[PlyCount "31"]
[EventDate "2021.12.24"]
[EventType "swiss"]
[EventRounds "9"]
[EventCountry "TUN"]
[SourceTitle "CBM 205 Extra"]
[Source "ChessBase"]
[SourceDate "2022.01.31"]
[SourceVersion "1"]
[SourceVersionDate "2022.01.31"]
[SourceQuality "1"]

1. e4 d6 2. Nc3 Nf6 3. Bc4 g6 4. d3 Bg7 5. f4 0-0 6. Nf3 c6 7. 0-0 b5 8. Bb3 b4 9. Ne2 Qb6+ 10. Kh1 Ng4 11. Qe1 Ne3 12. Rg1 Ng4 13. Rf1 Ne3 14. Rg1 Ng4 15. Rf1 Ne3 16. Rg1 1/2-1/2

[Event "Sousse BICA op 1st"]
[Site "Sousse"]
[Date "2021.12.27"]
[Round "5"]
[White "Boumrifek, Najeh"]
[Black "Boulaares, Akram"]
[Result "0-1"]
[WhiteElo "1269"]
[BlackElo "1627"]
[PlyCount "54"]
[EventDate "2021.12.24"]
[EventType "swiss"]
[EventRounds "9"]
[EventCountry "TUN"]
[SourceTitle "CBM 205 Extra"]
[Source "ChessBase"]
[SourceDate "2022.01.31"]
[SourceVersion "1"]
[SourceVersionDate "2022.01.31"]
[SourceQuality "1"]

1. e4 c6 2. Nf3 d5 3. Nc3 dxe4 4. Nxe4 Bg4 5. h3 Bxf3 6. Qxf3 Nd7 7. d4 Ngf6 8. Nxf6+ Nxf6 9. c3 e6 10. Bd3 Be7 11. 0-0 0-0 12. Bf4 Qb6 13. a4 a5 14. Bg5 Rfd8 15. h4 h6 16. Bxf6 Bxf6 17. h5 Rd7 18. Rfb1 Rad8 19. b4 Qc7 20. Bc4 axb4 21. Rxb4 c5 22. dxc5 Qxc5 23. Rab1 b6 24. Bb5 Rd5 25. c4 Rf5 26. Qg3 Rd2 27. Rf1 Bd4 0-1

[Event "Monastir U16"]
[Site "Monastir"]
[Date "2018.09.03"]
[Round "3.3"]
[White "Wannees, Sabir Jabir"]
[Black "Boulaares, Akram"]
[Result "0-1"]
[WhiteElo "1441"]
[BlackElo "1402"]
[PlyCount "78"]
[EventDate "2018.09.02"]
[EventType "swiss"]
[EventRounds "9"]
[EventCountry "TUN"]
[SourceTitle "EXT 2024"]
[Source "ChessBase"]
[SourceDate "2023.10.10"]
[SourceVersion "1"]
[SourceVersionDate "2023.10.10"]
[SourceQuality "1"]

1. e4 c6 2. Nf3 d5 3. exd5 cxd5 4. d4 Nf6 5. Bd3 Nc6 6. c4 Bg4 7. Be3 e6 8. h3 Bh5 9. Nbd2 Be7 10. Qb3 Qd7 11. 0-0 0-0 12. Qc2 Nb4 13. Qb1 Nxd3 14. Qxd3 Bg6 15. Qe2 dxc4 16. Ne5 Qb5 17. Nxg6 hxg6 18. Nxc4 Rac8 19. b3 Nd5 20. Rfc1 Bf6 21. Re1 Rfd8 22. Qd2 Qb4 23. Qd1 Ne7 24. a4 Nc6 25. Re2 Nxd4 26. Rd2 Nc6 27. Rc1 Rxd2 28. Bxd2 Qe7 29. Bc3 Rd8 30. Qf3 Nd4 31. Bxd4 Bxd4 32. Na5 Qg5 33. Rc7 Qxa5 34. Qxf7+ Kh7 35. Qf4 Qe1+ 36. Kh2 Be5 37. Qg3 Bxg3+ 38. Kxg3 Qe5+ 39. Kf3 Qxc7 0-1